Gaming Quiz

Random Gaming Quiz
Score 0/77 Timer 20:00
0 Plays Today
Answer % Correct
Call of Duty
77.8%
Castlevania
77.8%
Command & Conquer
66.7%
Civilization
55.6%
Counter-Strike
44.4%
Crash Bandicoot
44.4%
Call of Cthulhu
33.3%
Call of Juarez
33.3%
Chrono
33.3%
Cooking Mama
33.3%
Chessmaster
25%
Commander Keen
25%
Commando
25%
Conflict
25%
Cocoto
25%
Cricket
25%
Cabela's
22.2%
Candy Crush
22.2%
Capcom VS. SNK
22.2%
Carmen Sandiego
22.2%
Chibi-Robo
22.2%
Clayfighter
22.2%
Clock Tower
22.2%
Condemned
22.2%
Conker
22.2%
Contra
22.2%
Crackdown
22.2%
Crazy Taxi
22.2%
Croc
22.2%
Crysis
22.2%
Custom Robo
22.2%
Chameleon Twist
12.5%
Cake Mania
12.5%
Carnivores
12.5%
Chicken Invaders
12.5%
Cho Aniki
12.5%
Close Combat
12.5%
Collapse!
12.5%
Combat of Giants
12.5%
Answer % Correct
Compati Hero
12.5%
Cookie Run
12.5%
Crosscountry
12.5%
Crystal Defenders
12.5%
Caesar
12.5%
Crimson Skies
12.5%
Captain Tsubasa
12.5%
Club Penguin
12.5%
Chocobo
12.5%
Class of Heroes
12.5%
Crash Time
12.5%
Cook, Serve, Delicious
12.5%
The Crew
12.5%
Cannon Fodder
11.1%
Carmageddon
11.1%
Carnival Games
11.1%
Castle Shikigami
11.1%
Centipede
11.1%
Championship Manager
11.1%
Chaos Rings
11.1%
Chase H.Q.
11.1%
City Connection
11.1%
Colin McRae Rally
11.1%
Colony Wars
11.1%
Columns
11.1%
Combat Mission
11.1%
Commandos
11.1%
Company of Heroes
11.1%
The Conduit
11.1%
Cool Boarders
11.1%
Corpse Party
11.1%
Cotton
11.1%
Crazy Castle
11.1%
Creatures
11.1%
Crusi'n
11.1%
Crush Pinball
11.1%
Cut the Rope
11.1%
Cyber Sled
11.1%
Remove Ads.
Support Sporcle.
Get the best of Sporcle when you Go Orange. This ad-free experience offers more features, more stats, and more fun while also helping to support Sporcle. Thank you for becoming a member.

You're not logged in!

Compare scores with friends on all Sporcle quizzes.
OR
Log In

Show Comments

Extras

Created Sep 28, 2019ReportNominate
Tags:franchise, Video

Top Quizzes Today


Score Distribution

Your Account Isn't Verified!

In order to create a playlist on Sporcle, you need to verify the email address you used during registration. Go to your Sporcle Settings to finish the process.

Report this User

Report this user for behavior that violates our Community Guidelines.

Details: